Datum a čas kvízu
17.5
Celkem bodů
Celkový počet nahraných bodů na tomto kvízu bez doplňovacích otázek.
10.
Pořadí na kvízu
Konečné umístění týmu na tomto kvízu.
Zaznamenané odpovědi
| # | Otázka | Odpověď | Body | Výsledky |
|---|---|---|---|---|
| 1. | Na pražské Hlavní nádraží v út... | jezdí na vodíkový pohon | 0 | |
| 2. | Která evropská země má od minu... | Francie | 1 | |
| 3. | Minulý týden sklidil velmi poz... | D) z Dánska | 1 | |
| 4. | Vědci z agentury NASA řeší neč... | Voyager se „zbláznil“ – vysílá nesmyslná data. | 0 | |
| 5. | 22letý Biniam Girmay se stal h... | trefil ho korek do oka | 0 | |
| 6. | V tomto tématu se budeme pohyb... | jiřina | 0 | |
| 7. | Nyní zavítáme do římské mytolo... | Flora | 1 | |
| 8. | Na fotografii vidíme květinu,... | jasmín | 0 | |
| 9. | Květinové jméno nese i tento s... | Svatý Vavřinec | 0 | |
| 10. | Vaša moderátorka sa volá Zuza,... | A | 0 |